Statistiques concernant Pays les plus proches de Porto Rico

Cliquez ici pour prendre le quiz!

Statistiques générales

  • Ce quiz a été pris 88 fois
  • Le résultat moyen est 13 sur 20

Statistiques - réponses

kmpays% Correct
749Cuba
95%
468Haïti
93%
944Jamaïque
88%
114République dominicaine
88%
720Bahamas
77%
272Saint-Christophe-
et-Niévès
77%
806Barbade
76%
643Sainte-Lucie
76%
491Dominique
72%
686Saint-Vincent-et-les-
Grenadines
69%
907Trinité-et-Tobago
69%
362Antigua-et-Barbuda
65%
747Grenade
65%
1515Panama
65%
666Venezuela
65%
762Colombie
56%
1210Guyana
56%
666Aruba
27%
652Curaçao
23%
225Sint Maarten
7%

Distribution des résultats

Percentile par nombre de réponses

% des personnes avec chaque résultat

Votre développement - résultats

Vous n’avez pas pris ce quiz